Statistics for Biggest Cities in the Philippines Quiz

Click here to take the quiz!

General Stats

  • This quiz has been taken 107 times
  • The average score is 6 of 15

Answer Stats

PopulationCity% Correct
23,371,436Manila
100%
2,476,708Cebu
84%
1,439,598Davao
73%
1,332,870Angeles
49%
695,176Zamboanga
43%
550,767Iloilo
40%
474,395General Santos
33%
716,057Cagayan de Oro
32%
617,227Bacolod
31%
459,573Baguio
30%
390,150Batangas
26%
491,828Dagupan
13%
342,477Cotabato
9%
365,716Tanauan
8%
337,317Gapan
5%

Score Distribution

Percentile by Number Answered

Percent of People with Each Score

Your Score History

You have not taken this quiz